| 000 | 00692cam a2200229 a 4500 | ||
|---|---|---|---|
| 001 | TB12409 | ||
| 003 | IN-BhIIT | ||
| 005 | 20250907214524.0 | ||
| 008 | 010314s2001 enk b 001 0 eng | ||
| 020 | _a9780521625654 (PBK) | ||
| 040 | _aIN-BhIIT | ||
| 041 | _aeng | ||
| 082 | 0 | 0 |
_a190 _bCOH/J |
| 245 | 0 | 0 |
_aJacques derrida and the humanities : _ba critical reader / _cedited by Tom Cohen. |
| 260 |
_aNew York : _bCambridge University Press, _c2001. |
||
| 300 |
_axv, 327 p. ; _c24 cm. |
||
| 504 | _aIncludes bibliographical references and index. | ||
| 650 | 0 |
_aHumanities _xPhilosophy. _926085 |
|
| 650 | 0 |
_aDeconstruction. _926086 |
|
| 700 | 1 |
_aCohen, Tom _eEditor _926087 |
|
| 942 | _cTB | ||
| 999 |
_c14672 _d14672 |
||